HTML A Beginners Guide (Record no. 7959)
[ view plain ]
| 000 -LEADER | |
|---|---|
| fixed length control field | 00300nam a2200121Ia 4500 |
| 008 - FIXED-LENGTH DATA ELEMENTS--GENERAL INFORMATION | |
| fixed length control field | 191201s2013 xx 000 0 und d |
| 082 ## - DEWEY DECIMAL CLASSIFICATION NUMBER | |
| Classification number | 006.7,4 |
| Item number | WEH |
| 100 ## - MAIN ENTRY--PERSONAL NAME | |
| Personal name | WILLARD, Wendy |
| 245 #0 - TITLE STATEMENT | |
| Title | HTML A Beginners Guide |
| 250 ## - EDITION STATEMENT | |
| Edition statement | Rep |
| 260 ## - PUBLICATION, DISTRIBUTION, ETC. (IMPRINT) | |
| Date of publication, distribution, etc | 2013 |
| Name of publisher, distributor, etc | Tata mc Graw Hill |
| Place of publication, distribution, etc | NEW DELHI |
| 942 ## - ADDED ENTRY ELEMENTS (KOHA) | |
| Source of classification or shelving scheme | Dewey Decimal Classification |
| Koha item type | Text Books |
| Withdrawn status | Lost status | Source of classification or shelving scheme | Damaged status | Not for loan | Collection code | Home library | Current library | Date acquired | Source of acquisition | Cost, normal purchase price | Bill Number | Total Checkouts | Full call number | Acc. no. / Barcode | Date last seen | Date last borrowed | Actual Cost, discounted price | Bill Date | Koha item type |
|---|---|---|---|---|---|---|---|---|---|---|---|---|---|---|---|---|---|---|---|
| Dewey Decimal Classification | MCA | PIET C-LIBRARY | PIET C-LIBRARY | 19/01/2015 | KIRTI PRAKASHAN, NEW DELHI | 575.00 | IN2082 | 2 | 006.74 WEH | 25085 | 23/10/2024 | 15/10/2024 | 385.25 | 12/01/2015 | Text Books | ||||
| Dewey Decimal Classification | BCA | PIET C-LIBRARY | PIET C-LIBRARY | 28/03/2015 | KIRTI PRAKASHAN, NEW DELHI | 575.00 | IN-2416 | 7 | 006.74 WEH | BC1157 | 29/08/2025 | 18/08/2025 | 385.25 | 28/03/2015 | Text Books | ||||
| Dewey Decimal Classification | BCA | PIET C-LIBRARY | PIET C-LIBRARY | 28/03/2015 | KIRTI PRAKASHAN, NEW DELHI | 575.00 | IN-2416 | 7 | 006.74 WEH | BC1158 | 16/08/2024 | 06/08/2024 | 385.25 | 28/03/2015 | Text Books |